00333nam a2200145Ia 4500008004100000020001500041041001200056082001100068100001400079245004000093260002500133300000800158650000800166700001300174221030s9999 xx 000 0 und d a8120334311 aEnglish a105.23 aA. A. Raj 0aVLSI Designcby A. A. Raj, T. Latha bPHIaNew Delhic2008 a458 aECE aT. Latha